00437nam a22001577a 450000500170000001000150001702000260003203500140005803700130007208200060008510000240009124500500011526000510016527000430021630000200025920190603150710.0 aENG-125449 a9789350451694c250.00 aEN-108981 bDBAD/PUB aS aMukhopadhyay, Anway aAfter the three eyes /cby Anway Mukhopadhyay aCalcutta bWriters Workshop Redbird Bookc2018 a162/92, Lake Garden,bCulcuttae700045 a76p.c22cms(Hb)